| 000 | 01641 a2200253 4500 | ||
|---|---|---|---|
| 999 |
_c185965 _d185965 |
||
| 003 | NUST | ||
| 005 | 20171120143832.0 | ||
| 008 | 171120b xxu||||| |||| 00| 0 eng d | ||
| 010 | _a 91053197 | ||
| 020 | _a0679405879 : | ||
| 040 | _c0 | ||
| 082 | 0 | 0 | _a823.8 TRO |
| 100 | 1 |
_aTrollope, Anthony, _9982 |
|
| 245 | 1 | 0 |
_aBarchester Towers / _cAnthony Trollope. |
| 260 |
_aIslamabad: _bNBF : _c1992. |
||
| 300 |
_a477p. ; _c21 cm. |
||
| 490 | 0 |
_aEveryman's library ; _v57 |
|
| 500 | _aH.B | ||
| 505 | _aHow Will Be The New Bishop? (Page-7),Hirams Hospital According (Page-15), Dr And Mrs Proudie(Page-21), The Bishops Chaplain (Page-27), The Morning Visit (Page-33),War (Page-41),The Dean And Chapter Take Counsel (Page-52), The Ex-Warden Rejoices In His Probable(Page-57), The Stanhope Family(Page-64),Mr. Slope Manages Matters Very Cleverly (Page-204),Fourteen Arguments In Favors (Page-214), Mrs. Proudie Wrestles And Gets A Fall(Page-222),A Live Scene (Page-231),Mrs. Bold In Entertained (Page-245), A Serious Interview (Page-258),Another Love Scene (Page-266), Mrs. Bold At Home(Page-404),The Stanhope At Home (Page-412), Mr. Slope Parting Interview(Page-422),The Dean Elect (Page-430), Mr. Slope Bids Farewell On The Palace (Page-460), The New Dean Takes Passions(Page-466),Conclusion (Page-474). | ||
| 538 | _aAlmirah No.58 Shelf No.6 | ||
| 650 | 0 |
_aBarsetshire (England : Imaginary place) _xFiction. _9983 |
|
| 650 | 0 |
_aClergy _xFiction. _96573 |
|
| 655 | 7 |
_aDomestic fiction. _94525 |
|
| 856 | 4 | 2 |
_3Contributor biographical information _uhttp://www.loc.gov/catdir/bios/random056/91053197.html |
| 856 | 4 | 2 |
_3Publisher description _uhttp://www.loc.gov/catdir/description/random0410/91053197.html |
| 942 |
_2ddc _cBK _kIESE |
||